000 00291nam a22001337a 4500
008 170127b xxu||||| |||| 00| 0 eng d
020 _a07490690
041 _aeng
080 _a61
100 _a3
101 _aSHM
245 _aSLINICS IN GERIATRIC MEDICINE
_cMORLEY, J.E
942 _2udc
_cBK
999 _c3869
_d3869